00976nam a2200241 a 45000010005000000030005000050050017000100080041000270200015000680400026000832450138001092600046002473000011002934900032003045000049003365000146003856500040005316500021005717000020005927000034006127100048006467100040006944274CDMR20151016125401.0130130s1994||||||||||||||||||||||||||||d a8439331630 aCDMRbcatcCPC GIRONA00aCultura y comunicación socialb: América Latina y Europa IbéricacFernando Ainsa ... [et al.] ; editor: Manuel Parès i Maicas c1994bGeneralitat de CatalunyaaBarcelona a281 p.0 aMonografies i Documentsv12 aTextos en castellà, portugués i català aActes de la III Trobada Iberoamericana d'Investigadors de la comunicació, Universitat Autònoma de Barcelona, 27 de juny-3 de juliol, 199304aComunicació i culturaxCongressos04aCultura de massa1 aAinsa, Fernando1 aParés i Maicas, Manueleed.2 aCentre d'Investigació de la Comunicació1 aUniversitat Autònoma de Barcelona